书目信息 |
| 题名: |
清朝满蒙联姻研究
|
|
| 作者: | 杜家骥 著 | |
| 分册: | ||
| 出版信息: | 北京 中国人民大学出版社 2003 |
|
| 页数: | 12,702页 | |
| 开本: | 21cm | |
| 丛书名: | ||
| 单 册: | ||
| 中图分类: | D691.91 | |
| 科图分类: | ||
| 主题词: | 满族--婚姻制度--研究--中国--清代 | |
| 电子资源: | ||
| ISBN: | 7-01-003869-4 | |
| 000 | 01319nam0 2200325 450 | |
| 000 | 01282nam0 2200313 450 | |
| 000 | 01263nam0 2200313 450 | |
| 000 | 01226nam0 2200301 450 | |
| 000 | 01222nam0 2200289 450 | |
| 000 | 01185nam0 2200277 45 | |
| 001 | TS2006000099 | |
| 005 | 20070112105812.20 | |
| 010 | @a7-01-003869-4@dCNY40.00 | |
| 092 | @aCN@bTS01-000114 | |
| 100 | @a20060829e20042003kemy0chiy0110 ea | |
| 101 | 0 | @achi |
| 102 | @aCN@b110000 | |
| 105 | @aa z 000yd | |
| 200 | 1 | @a清朝满蒙联姻研究@Aqing chao man meng lian yin yan jiu@f杜家骥著@FDu Jia Ji Zhu |
| 210 | @a北京@c中国人民大学出版社@d2003@h2004年北京第2次印刷 | |
| 215 | @a12,702页@c彩照@d21cm | |
| 300 | @a国家人文社会科学“九五”研究项目 南开大学“教育振兴行动计划:中国社会历史与文化研究”项目资助出版 | |
| 330 | @a本书分上下两编:上编分别介绍了各蒙古部落之由来、领主世系、与清廷之关系及联姻状况等内容,下编对联姻与满蒙关系、对清王朝统治的建立与巩固及边疆治理、联姻对蒙古文明之影响、对民族融合之意义等诸问题进行了论述。 | |
| 606 | 0 | @a满族@x婚姻制度@x研究@y中国@z清代 |
| 690 | @aD691.91@v4 | |
| 701 | 0 | @a杜家骥@Adu jia ji@f(1949~)@4著 |
| 801 | 0 | @aCN@b中图数据@c20070112 |
| 905 | @a10447@dD691.91@e130 | |
| 清朝满蒙联姻研究/杜家骥著.-北京:中国人民大学出版社,2003(2004年北京第2次印刷) |
| 12,702页:彩照;21cm |
| 国家人文社会科学“九五”研究项目 南开大学“教育振兴行动计划:中国社会历史与文化研究”项目资助出版 |
| ISBN 7-01-003869-4:CNY40.00 |
| 本书分上下两编:上编分别介绍了各蒙古部落之由来、领主世系、与清廷之关系及联姻状况等内容,下编对联姻与满蒙关系、对清王朝统治的建立与巩固及边疆治理、联姻对蒙古文明之影响、对民族融合之意义等诸问题进行了论述。 |
| ● |
| 相关链接 |
|
|
|
|
正题名:清朝满蒙联姻研究
索取号:D691.91/130
 
预约/预借
| 序号 | 登录号 | 条形码 | 馆藏地/架位号 | 状态 | 备注 |
| 1 | 0619518 | 206195188 | 第一样本阅览室/ [索取号:D691.91/130] | 在馆 | |
| 2 | 0619519 | 206195197 | 第一借阅区/ [索取号:D691.91/130] | 在馆 | |
| 3 | 0619520 | 206195204 | 第一借阅区/ [索取号:D691.91/130] | 在馆 |